000 00317nam a2200133Ia 4500
008 151001s9999||||xx |||||||||||||| ||und||
100 _a राणू
245 _aबर्फ के अंगारे
250 _a1
260 _bकुसुम
260 _c1990
300 _a176
365 _b16
999 _c967221
_d967218